60 ca khúc thiếu nhi yêu thích

Bewaard in:
Bibliografische gegevens
Andere auteurs: Trần, Hoàng Trung (biên soạn)
Formaat: Boek
Taal:Vietnamese
Gepubliceerd in: Hà Nội Âm nhạc 2001
Onderwerpen:
Tags: Voeg label toe
Geen labels, Wees de eerste die dit record labelt!
Thư viện lưu trữ: Trung tâm Học liệu Lê Vũ Hùng, Trường Đại học Đồng Tháp
LEADER 00686pam a22002058a 4500
001 00027502
005 20171026081022.0
008 111122s2001 ||||||viesd
041 0 # |a vie 
082 1 4 |a 782.42  |b S111M 
245 1 0 |a 60 ca khúc thiếu nhi yêu thích  |c Trần Hoàng Trung biên soạn 
260 # # |a Hà Nội  |b Âm nhạc  |c 2001 
300 # # |a 83tr.  |c 20cm. 
650 # 4 |a Âm nhạc  |x Tuyển tập 
653 # # |a Bài hát 
700 1 # |a Trần, Hoàng Trung  |e biên soạn 
852 # # |b Kho đọc  |j KD.0012044 
852 # # |j KD.0012044 
910 0 # |a Ntuyet  |d 22/11/2011 
980 # # |a Trung tâm Học liệu Lê Vũ Hùng, Trường Đại học Đồng Tháp